Science Quiz

Random Science Quiz

Human Evolution Quiz Stats

Quiz not verified by Sporcle

Challenge
Share
Tweet
Embed
Score 0/24 Timer 12:00
0 Plays Today
% Correct
Homo sapien
88%
Homo erectus
87%
Homo habilis
66.7%
Homo neanderthalensis
50%
Australopithecus afarensis
44.8%
Ardipithecus ramidus
26%
Sahelanthropus tchadensis
21.9%
Australopithecus anamensis
21.4%
Homo rudolfensis
21.4%
Australopithecus robustus
20.3%
Homo floresiensis
19.8%
Orrorin tugenensis
17.7%
% Correct
Australopithecus boisei
17.7%
Australopithecus garhi
15.6%
Ardipithecus kadabba
14.6%
Australopithecus sediba
12%
Australopithecus aethiopicus
10.9%
Australopithecus afracanus
6.8%
Proconsul
6.3%
Eosimias sinemis
3.1%
Aegyptopithecus
3.1%
Kenyanthropus platops
3.1%
Carpolestes simpsoni
2.6%
Darwinius masillae
2.6%

You're not logged in!

Compare scores with friends on all Sporcle quizzes.
Join for Free
OR
Log In

You Might Also Like...

Show Comments

Extras

Created Dec 20, 2010ReportNominate
Tags:evolution, human

Top Quizzes Today


Score Distribution

Your Account Isn't Verified!

In order to create a playlist on Sporcle, you need to verify the email address you used during registration. Go to your Sporcle Settings to finish the process.

Report this User

Report this user for behavior that violates our Community Guidelines.

Details: